La Cooperación provincial a los municipios /
Descripción Física:
Il·lustracions
Colección:
San Jorge,
; núm. 13 (gener 1954), pàg. 84-86
Materias:
Administració local -- Barcelona (Catalunya : Província)
; Finances municipals -- Barcelona (Província)
Idioma:
Español
MARC
| LEADER | 00000naa a2200000 a 4500 | ||
|---|---|---|---|
| 003 | Arxiu | ||
| 005 | 20260324181043.0 | ||
| 008 | 160829s1954 spcaxx s spa c | ||
| 040 | |a AGDB | ||
| 100 | 1 | |a Foix Quer, Manuel |9 29472 | |
| 245 | 1 | 3 | |a La Cooperación provincial a los municipios / |c por Manuel Foix Quer, del Cuerpo Nacional de Secretarios de Administración Local, 1.ª categoría, y Jefe de Negociado de la Excma. Diputación Provincial de Barcelona |
| 300 | |b Il·lustracions | ||
| 490 | |a San Jorge, |v núm. 13 (gener 1954), pàg. 84-86 | ||
| 650 | 0 | |a Administració local |x Barcelona (Catalunya : Província) |9 30797 | |
| 650 | 0 | |a Finances municipals |z Barcelona (Província) |9 20808 | |
| 773 | |g Núm. 13 (gener 1954), pàg. 84 - 86 |t San Jorge. | ||
| 901 | |a Arxiu | ||
| 942 | |n 1 |2 udc |c ART | ||
| 952 | |0 0 |1 0 |4 0 |6 REV509 |7 1 |9 64751 |a Arxiu |b Arxiu |d 2022-12-12 |l 0 |o Rev-509 |r 2022-12-12 00:00:00 |w 2022-12-12 |y ARXIU |z També disponible a Rev-523 | ||
| 999 | |c 49997 |d 49997 | ||